Timber cladding (Record no. 83263)

MARC details
000 -LEADER
fixed length control field 00541cab a22002055a 4500
001 - CONTROL NUMBER
control field L153334
008 - FIXED-LENGTH DATA ELEMENTS--GENERAL INFORMATION
fixed length control field 110712e2011 xxk 000 0 eng d
020 ## - INTERNATIONAL STANDARD BOOK NUMBER
International Standard Book Number 9781848061866
035 ## - SYSTEM CONTROL NUMBER
System control number (Sirsi) u153334
041 0# - LANGUAGE CODE
Language code of text/sound track or separate title eng
100 1# - MAIN ENTRY--PERSONAL NAME
Personal name Reynolds, Tim
245 00 - TITLE STATEMENT
Title Timber cladding
260 ## - PUBLICATION, DISTRIBUTION, ETC.
Place of publication, distribution, etc. Bracknell
Name of publisher, distributor, etc. BRE Publications
Date of publication, distribution, etc. 2011
490 ## - SERIES STATEMENT
Series statement BRE Digest
Volume/sequential designation 521
650 24 - SUBJECT ADDED ENTRY--TOPICAL TERM
Topical term or geographic name entry element STRUCTURAL TIMBER
690 ## - LOCAL SUBJECT ADDED ENTRY--TOPICAL TERM (OCLC, RLIN)
Topical term or geographic name as entry element BUILT ENVIRONMENT - BUILDING MATERIALS
700 1# - ADDED ENTRY--PERSONAL NAME
Personal name Holland, Chris
710 ## - ADDED ENTRY--CORPORATE NAME
Corporate name or jurisdiction name as entry element Building Research Establishment
942 ## - ADDED ENTRY ELEMENTS (KOHA)
Suppress in OPAC 0
Holdings
Withdrawn status Lost status Source of classification or shelving scheme Damaged status Not for loan Home library Current library Shelving location Date acquired Total Checkouts Full call number Barcode Date last seen Copy number Price effective from Koha item type
    Dewey Decimal Classification     London London Enquiry desk 12/07/2011   ENQUIRY DESK 30075820 06/08/2019 1 06/08/2019 Book